00408 2200169 4500001002100000005001500021035002000036007000300056008004100059020001800100082000800118084001800126100001600144245003800160260002400198990001600222INLIS00000000000011620210412094003 a0010-0421000116ta210412 g 0 ind  a979-911-059-9 a813 a813 ALA e.c.10 aGuntur Alam1 aEloh Gue End-Sepocong Kisah Kunti aYogyakarta :bMedia a2011/p/0004